[Event "25th Czech Open A 2014"]
[Site "Pardubice CZE"]
[Date "2014.07.18"]
[Round "1.24"]
[White "Sivuk, Vitaly"]
[Black "Kantorik, Marian"]
[Result "1-0"]
[WhiteTitle "IM"]
[BlackTitle "IM"]
[WhiteElo "2483"]
[BlackElo "2249"]
[WhiteFideId "14116502"]
[BlackFideId "14900513"]
[EventDate "2014.07.18"]

1. e4 e5 2. Nf3 Nc6 3. Bb5 a6 4. Ba4 d6 5. c3 Bd7 6. O-O Nge7 7. d4 Ng6 8. Re1
Be7 9. Nbd2 h6 10. Nf1 Bg5 11. Ne3 Bxe3 12. Bxe3 O-O 13. Nd2 b5 14. Bc2 Rb8 15.
a3 a5 16. d5 Nce7 17. c4 f5 18. f3 fxe4 19. Bxe4 Bf5 20. c5 Bxe4 21. fxe4 Nf4
22. Rf1 Neg6 23. g3 Nh3+ 24. Kg2 Rxf1 25. Qxf1 Ng5 26. Qf5 Nf8 27. Bxg5 hxg5 28.
Nf3 g6 29. Qg4 dxc5 30. Rf1 b4 31. Nxg5 bxa3 32. bxa3 Rb2+ 33. Kh1 Qb8 34. Qf3
Rb1 35. Qf7+ Kh8 36. Rxb1 Qxb1+ 37. Kg2 Qb2+ 38. Kh3 Qb8 39. Ne6 Nxe6 40. dxe6
Qg8 41. Qd7 Qg7 42. e7 1-0

[Event "25th Czech Open A 2014"]
[Site "Pardubice CZE"]
[Date "2014.07.18"]
[Round "1.25"]
[White "Gruenter, Martin"]
[Black "Jovanic, Ognjen"]
[Result "1-0"]
[BlackTitle "GM"]
[WhiteElo "2249"]
[BlackElo "2482"]
[WhiteFideId "24640352"]
[BlackFideId "14504081"]
[EventDate "2014.07.18"]

1. e4 c5 2. c3 Nf6 3. e5 Nd5 4. d4 cxd4 5. Nf3 Nc6 6. Bc4 e6 7. cxd4 d6 8. O-O
Be7 9. Qe2 O-O 10. Nc3 Nxc3 11. bxc3 dxe5 12. dxe5 Qa5 13. Bd2 Rd8 14. Rfe1 Bd7
15. Bb3 Be8 16. Qe4 Rd7 17. Rac1 Rad8 18. Bg5 Qc5 19. Bc2 g6 20. Qh4 h5 21. Qf4
Bxg5 22. Nxg5 Rc7 23. Ne4 Qf8 24. Nf6+ Kh8 25. Re3 Ne7 26. Rh3 Qg7 27. Qg5 Bb5
28. Rxh5+ gxh5 29. Qxh5+ 1-0

[Event "25th Czech Open A 2014"]
[Site "Pardubice CZE"]
[Date "2014.07.18"]
[Round "1.26"]
[White "Lalic, Bogdan"]
[Black "Sorin, Michael"]
[Result "1/2-1/2"]
[WhiteTitle "GM"]
[WhiteElo "2482"]
[BlackElo "2249"]
[WhiteFideId "409081"]
[BlackFideId "2805030"]
[EventDate "2014.07.18"]

1. d4 f5 2. g3 Nf6 3. Bg2 g6 4. c4 Bg7 5. Nc3 O-O 6. Nf3 d6 7. O-O Qe8 8. Re1
Qf7 9. e4 Nxe4 10. Nxe4 fxe4 11. Rxe4 Nc6 12. d5 Ne5 13. Rf4 Qe8 14. Qb3 Nxf3+
15. Bxf3 Be5 16. Rxf8+ Qxf8 17. Be4 b6 18. Qc2 Bd7 19. Be3 Qg7 20. Rb1 Rf8 21.
b4 Bd4 22. Qd3 Bxe3 23. Qxe3 Qe5 24. a3 Bf5 25. Re1 Bxe4 26. Qxe4 1/2-1/2

[Event "25th Czech Open A 2014"]
[Site "Pardubice CZE"]
[Date "2014.07.18"]
[Round "1.27"]
[White "Postupa, Pavel2"]
[Black "Potapov, Pavel"]
[Result "1/2-1/2"]
[BlackTitle "IM"]
[WhiteElo "2247"]
[BlackElo "2482"]
[WhiteFideId "326410"]
[BlackFideId "4169786"]
[EventDate "2014.07.18"]

1. e4 c5 2. Nf3 Nc6 3. Bb5 g6 4. O-O Bg7 5. Re1 Nf6 6. e5 Nd5 7. Nc3 Nc7 8. Bxc6
dxc6 9. Ne4 b6 10. Nf6+ Kf8 11. Ne4 h6 12. h3 Kg8 13. d3 Ne6 14. Be3 Kh7 15. Qd2
a5 16. a3 a4 17. Rad1 Re8 18. c3 Bb7 19. Qc2 f5 20. exf6 exf6 21. d4 c4 22. Bc1
Qd5 23. Re2 f5 24. Ng3 c5 25. dxc5 Qxc5 26. h4 Bxf3 27. gxf3 h5 28. Rd7 Nf8 29.
Rd1 Qc6 30. Kg2 Rxe2 31. Nxe2 Ne6 32. Nf4 Re8 33. Be3 b5 34. Qd2 Nxf4+ 35. Bxf4
Qb6 36. Be3 Qf6 37. Bg5 Qb6 38. Kf1 Qe6 39. Qd7 Qxd7 40. Rxd7 Kg8 41. Rb7 Re5
42. Rd7 Re6 43. Rd5 Rb6 44. Be3 Rb7 45. Bd4 Bf8 46. Bc5 Bg7 47. Kg2 Bf6 48. Kg3
Kf7 49. Bb4 Ke6 50. Rd6+ Kf7 51. Rd5 Ke8 52. f4 Kf7 1/2-1/2

[Event "25th Czech Open A 2014"]
[Site "Pardubice CZE"]
[Date "2014.07.18"]
[Round "1.28"]
[White "Gutman, Gennadi"]
[Black "Bartos, Jan"]
[Result "1/2-1/2"]
[WhiteTitle "GM"]
[BlackTitle "FM"]
[WhiteElo "2479"]
[BlackElo "2243"]
[WhiteFideId "14102277"]
[BlackFideId "315060"]
[EventDate "2014.07.18"]

1. d4 d5 2. Nf3 Nf6 3. c4 c6 4. Nc3 dxc4 5. a4 Bf5 6. e3 e6 7. Bxc4 Bb4 8. O-O
O-O 9. Qe2 Bg6 10. Ne5 Nbd7 11. Nxg6 hxg6 12. Rd1 Qa5 13. Na2 Qxa4 14. e4 Qa5
15. Nxb4 Qxb4 16. Bd2 Qe7 17. Bg5 Qb4 18. Bd2 Qe7 1/2-1/2

[Event "25th Czech Open A 2014"]
[Site "Pardubice CZE"]
[Date "2014.07.18"]
[Round "1.29"]
[White "Varitski, Igor"]
[Black "Pavlidis, Antonios"]
[Result "0-1"]
[WhiteTitle "IM"]
[BlackTitle "IM"]
[WhiteElo "2241"]
[BlackElo "2479"]
[WhiteFideId "14102862"]
[BlackFideId "4212312"]
[EventDate "2014.07.18"]

1. e4 c5 2. c3 Nf6 3. e5 Nd5 4. Nf3 e6 5. Bc4 d6 6. d4 cxd4 7. cxd4 Be7 8. O-O
O-O 9. Qe2 b6 10. Qe4 Ba6 11. Na3 dxe5 12. dxe5 Bxc4 13. Nxc4 Nd7 14. h4 Rc8 15.
Bg5 h6 16. Bxe7 Qxe7 17. Nd6 Rcd8 18. Nb7 N7f6 19. exf6 Nxf6 20. Qf4 Qxb7 21.
Ne5 Rd5 22. Rfd1 Rfd8 23. Rxd5 Rxd5 24. Rc1 Qb8 25. Re1 Qd6 26. g3 Rd1 27. Rxd1
Qxd1+ 28. Kh2 Qe2 29. Nc4 e5 0-1

[Event "25th Czech Open A 2014"]
[Site "Pardubice CZE"]
[Date "2014.07.18"]
[Round "1.30"]
[White "Poetsch, Hagen"]
[Black "Szotkowski, Jakub"]
[Result "1-0"]
[WhiteTitle "IM"]
[WhiteElo "2477"]
[BlackElo "2240"]
[WhiteFideId "24615137"]
[BlackFideId "330590"]
[EventDate "2014.07.18"]

1. e4 c5 2. Nf3 e6 3. b3 b6 4. Bb2 Bb7 5. Bd3 Nf6 6. Qe2 Be7 7. O-O O-O 8. e5
Nh5 9. Qe3 f5 10. exf6 Bxf6 11. c3 Na6 12. Be4 d5 13. Bc2 Nb4 14. Na3 Nxc2 15.
Nxc2 e5 16. Nxe5 Qc7 17. Ng4 Rae8 18. Nxf6+ gxf6 19. Qf3 Nf4 20. d4 Ba6 21. Rfe1
Kh8 22. Rxe8 Rxe8 23. Ne3 Be2 24. Qg3 Rg8 25. Qh4 Rg6 26. g3 Bf3 27. c4 Nd3 28.
Bc3 Nf4 29. Kf1 Ne2 30. Bb2 Qd7 31. Nxd5 cxd4 32. Re1 Kg7 33. Bxd4 Nxd4 34. Re7+
Qxe7 35. Nxe7 Rg4 36. Qh3 f5 37. Nd5 Rg6 38. Qh4 Be2+ 39. Kg2 Bf3+ 40. Kg1 Be4
41. Qe7+ Kh6 42. Nf4 a5 43. Qf8+ 1-0

[Event "25th Czech Open A 2014"]
[Site "Pardubice CZE"]
[Date "2014.07.18"]
[Round "1.31"]
[White "Kubik, Michael"]
[Black "Arun Prasad, S."]
[Result "0-1"]
[BlackTitle "GM"]
[WhiteElo "2238"]
[BlackElo "2472"]
[WhiteFideId "344320"]
[BlackFideId "5011167"]
[EventDate "2014.07.18"]

1. e4 c5 2. Nf3 d6 3. d4 cxd4 4. Nxd4 Nf6 5. Nc3 a6 6. Be2 e6 7. O-O Qc7 8. Be3
b5 9. a4 b4 10. Na2 Bb7 11. Nxb4 Nxe4 12. f3 Nf6 13. c3 Nbd7 14. a5 d5 15. f4
Bd6 16. Nd3 O-O 17. Qe1 Ne4 18. Qh4 Rfe8 19. Qh3 Bc8 20. Qf3 Rb8 21. Ra2 g6 22.
g3 f6 23. Qg2 e5 24. fxe5 fxe5 25. Nf3 Ndc5 26. Ng5 Nxd3 27. Bxd3 Bc5 28. Nxe4
Bxe3+ 29. Nf2 e4 30. Be2 Be6 31. Kh1 d4 0-1

[Event "25th Czech Open A 2014"]
[Site "Pardubice CZE"]
[Date "2014.07.18"]
[Round "1.32"]
[White "Simacek, Pavel"]
[Black "Soural, Jan"]
[Result "1-0"]
[WhiteTitle "IM"]
[WhiteElo "2470"]
[BlackElo "2234"]
[WhiteFideId "307165"]
[BlackFideId "311928"]
[EventDate "2014.07.18"]

1. e4 c5 2. Nf3 g6 3. d4 cxd4 4. Nxd4 Nc6 5. c4 Bg7 6. Be3 d6 7. Nc3 Nf6 8. Be2
O-O 9. O-O Bd7 10. Nc2 b6 11. f3 Rc8 12. Qd2 Re8 13. Rfc1 Na5 14. b3 Qc7 15.
Rab1 Qb8 16. Bf1 h5 17. a4 Kh7 18. Qf2 Kg8 19. Nb5 Nc6 20. h3 Qa8 21. Rd1 Qb7
22. Nc3 Qb8 23. Qh4 Nh7 24. Nd5 e6 25. Ndb4 Red8 26. Bf4 Bf6 27. Qe1 Be5 28. Be3
Be8 29. Rd3 Qc7 30. Rbd1 Na5 31. Na3 Qe7 32. Nb5 Bxb5 33. axb5 Qf6 34. Qd2 Qg7
35. f4 Bf6 36. Be2 Be7 37. Bf3 Nf8 38. Nc6 Nxc6 39. bxc6 e5 40. fxe5 dxe5 41.
Rxd8 Rxd8 42. Qxd8 Bxd8 43. Rxd8 f6 44. Bh6 Qc7 45. Rxf8+ Kh7 46. Be3 Qxc6 47.
Rf7+ Kg8 48. Rxa7 Qd6 49. Rb7 Qb4 50. Bf2 Qxb3 51. Rxb6 Qxc4 52. Rxf6 Qc1+ 53.
Kh2 Qg5 54. Rc6 h4 55. Kh1 Kg7 56. Rc7+ Kh8 57. Rc3 Qf4 58. Be3 Qg3 59. Rc1 Kg7
60. Rf1 Kh8 61. Bd2 Kh7 62. Be3 Kh8 63. Ra1 Kh7 64. Kg1 Kh8 65. Kf1 Kg7 66. Ke2
Kf6 67. Bd2 Kg7 68. Ra5 Kh7 69. Bc3 Qg5 70. Bxe5 Qc1 71. Ra7+ Kg8 72. Bd4 Qc4+
73. Ke3 Qc1+ 74. Kd3 Qf1+ 75. Kc2 Qc4+ 76. Bc3 Qc5 77. Rg7+ Kf8 78. Rxg6 Qc4 79.
Rb6 Qc5 1-0

[Event "25th Czech Open A 2014"]
[Site "Pardubice CZE"]
[Date "2014.07.18"]
[Round "1.33"]
[White "Setyaki, Azarya Jodi"]
[Black "Alekseenko, Kirill"]
[Result "1-0"]
[WhiteTitle "CM"]
[BlackTitle "FM"]
[WhiteElo "2231"]
[BlackElo "2468"]
[WhiteFideId "7101589"]
[BlackFideId "4135539"]
[EventDate "2014.07.18"]

1. e4 c5 2. Nf3 Nc6 3. d4 cxd4 4. Nxd4 Qb6 5. Nb3 Nf6 6. Nc3 e6 7. Qe2 Bb4 8.
Bd2 O-O 9. a3 Be7 10. e5 Nd5 11. Nxd5 exd5 12. O-O-O d6 13. exd6 Bxd6 14. Be3
Qc7 15. Nd4 Nxd4 16. Rxd4 Rd8 17. Qd2 Be5 18. Bf4 Bf5 19. Bxe5 Qxe5 20. Bc4 Rac8
21. Bb3 h6 22. g4 Be4 23. Re1 Qc7 24. Re3 Qb6 25. f3 Bg6 26. h4 a5 27. h5 Bh7
28. Kb1 Kh8 29. Rc3 Ra8 30. a4 Re8 31. Ka2 f6 32. Rxd5 Rad8 33. Rxd8 Rxd8 34.
Qe3 Qd6 35. Qc5 Qd2 36. Qe7 Bg8 37. Bxg8 Rxg8 38. Qxb7 Qf4 39. Qd7 Rb8 40. Rc8+ 1-0

[Event "25th Czech Open A 2014"]
[Site "Pardubice CZE"]
[Date "2014.07.18"]
[Round "1.34"]
[White "Akesson, Ralf"]
[Black "Goluch, Piotr"]
[Result "1-0"]
[WhiteTitle "GM"]
[WhiteElo "2462"]
[BlackElo "2231"]
[WhiteFideId "1700120"]
[BlackFideId "1137840"]
[EventDate "2014.07.18"]

1. d4 Nf6 2. c4 c5 3. d5 b5 4. cxb5 a6 5. bxa6 g6 6. Nc3 Bxa6 7. e4 Bxf1 8. Kxf1
d6 9. g3 Bg7 10. Kg2 O-O 11. Nf3 Nbd7 12. a4 Qb6 13. Qe2 Rfb8 14. Nb5 Ne8 15.
Bg5 Kf8 16. Nd2 Nc7 17. Nc4 Qb7 18. Bxe7+ Kxe7 19. Ncxd6 Qa6 20. e5 Nxb5 21.
axb5 Qxa1 22. Rxa1 Rxa1 23. Nc4 Nb6 24. d6+ Kf8 25. Nxb6 Rxb6 26. Qc4 Rb8 27.
Qxc5 Kg8 28. b6 Raa8 29. f4 Rd8 30. b7 Rab8 31. Qc7 g5 32. Kf3 gxf4 33. gxf4 Bh6
34. Ke4 Re8 35. d7 Red8 36. h4 Bf8 37. f5 Be7 38. f6 Bf8 39. Kd5 Bh6 40. e6
fxe6+ 41. Kxe6 Bf8 42. b4 h5 43. b5 Kh7 44. Kf7 Bb4 45. Qc2+ Kh8 46. Qf5 1-0

[Event "25th Czech Open A 2014"]
[Site "Pardubice CZE"]
[Date "2014.07.18"]
[Round "1.36"]
[White "Vishnu Prasanna, V"]
[Black "Sihite, Chelsie Monica Ignesias"]
[Result "1/2-1/2"]
[WhiteTitle "GM"]
[BlackTitle "WIM"]
[WhiteElo "2459"]
[BlackElo "2228"]
[WhiteFideId "5030692"]
[BlackFideId "7101198"]
[EventDate "2014.07.18"]

1. e4 e5 2. Nf3 Nc6 3. Bb5 a6 4. Ba4 Nf6 5. O-O b5 6. Bb3 Bc5 7. Nc3 d6 8. Nd5
Na5 9. d4 exd4 10. Bg5 c6 11. Nxf6+ gxf6 12. Bh4 Rg8 13. Nxd4 Bxd4 14. Qxd4 c5
15. Qc3 c4 16. Bxf6 Qb6 17. Bd4 Qd8 18. Bf6 Qb6 19. Bd4 Qd8 1/2-1/2

[Event "25th Czech Open A 2014"]
[Site "Pardubice CZE"]
[Date "2014.07.18"]
[Round "1.37"]
[White "Mishin, Alexei"]
[Black "Firat, Burak"]
[Result "0-1"]
[BlackTitle "IM"]
[WhiteElo "2228"]
[BlackElo "2458"]
[WhiteFideId "4157940"]
[BlackFideId "6305881"]
[EventDate "2014.07.18"]

1. e4 c5 2. c3 Nf6 3. e5 Nd5 4. Nf3 e6 5. d4 cxd4 6. cxd4 b6 7. Bc4 Ba6 8. Bxd5
exd5 9. Nc3 Bb4 10. Qb3 Nc6 11. Qxd5 Be7 12. a3 O-O 13. Nb5 Na5 14. O-O Bb7 15.
Qa2 d6 16. b4 Qd7 17. Nxd6 Bxd6 18. bxa5 Be7 19. Be3 bxa5 20. Nd2 Bd5 21. Qc2
Rfc8 22. Qd3 Qc6 23. f3 Qc3 24. Qxc3 Rxc3 25. Kf2 Bxa3 26. Ne4 Rc2+ 27. Kg3 Bb4
28. Rfc1 Rac8 29. Nc5 Re2 30. Nd3 Rxc1 31. Rxc1 h5 32. Bg5 Be6 33. h4 Bd2 34.
Rc7 a4 35. Rxa7 Bb3 36. Nc5 Be1+ 37. Kh2 Bf2 38. Nd7 Bd5 39. Ra5 Bxf3 40. Rxa4
Bc6 41. Ra7 Bxd4 42. Rc7 Bxd7 43. Rxd7 Bxe5+ 44. Kh3 Re1 45. g3 f6 46. Bd2 Rd1
47. Rd8+ Kh7 48. Ba5 Ra1 49. Bb4 Rg1 50. Rd3 Kg6 51. Bc5 Rc1 52. Bd6 Kf5 53. Bf8
g6 54. Bh6 g5 55. hxg5 fxg5 56. Rd5 Re1 57. Kg2 Kg4 58. Ra5 Re3 59. Kf2 Rf3+ 60.
Ke2 Rf5 61. Rb5 Kxg3 62. Bg7 Rf2+ 63. Ke1 Bf4 64. Bh6 g4 0-1

[Event "25th Czech Open A 2014"]
[Site "Pardubice CZE"]
[Date "2014.07.18"]
[Round "1.38"]
[White "Belyakov, Bogdan"]
[Black "Gergel, Vladimir P"]
[Result "1-0"]
[WhiteTitle "IM"]
[BlackTitle "FM"]
[WhiteElo "2456"]
[BlackElo "2227"]
[WhiteFideId "24104795"]
[BlackFideId "14100550"]
[EventDate "2014.07.18"]

1. e4 e5 2. Nf3 Nc6 3. Bc4 Be7 4. d4 d6 5. dxe5 dxe5 6. Qe2 Bg4 7. c3 Nf6 8. h3
Bh5 9. Nbd2 Nd7 10. Nf1 Nb6 11. Bb3 Bd6 12. g4 Bg6 13. Ng3 Qd7 14. a4 Na5 15.
Bc2 c5 16. Qb5 Nc6 17. Be3 Ne7 18. Qe2 Qc7 19. a5 Nd7 20. Nd2 Nc6 21. Nc4 f6 22.
a6 Be7 23. axb7 Qxb7 24. O-O O-O 25. Nf5 Rfd8 26. Na5 1-0

[Event "25th Czech Open A 2014"]
[Site "Pardubice CZE"]
[Date "2014.07.18"]
[Round "1.39"]
[White "Peterson, Eric"]
[Black "Malakhov, Igor"]
[Result "0-1"]
[WhiteTitle "FM"]
[BlackTitle "IM"]
[WhiteElo "2227"]
[BlackElo "2454"]
[WhiteFideId "14908395"]
[BlackFideId "4183088"]
[EventDate "2014.07.18"]

1. e4 c5 2. c3 Nf6 3. e5 Nd5 4. d4 cxd4 5. Nf3 e6 6. cxd4 d6 7. Bc4 Nc6 8. O-O
Be7 9. Bd2 O-O 10. Nc3 Nb6 11. Bb3 d5 12. Rc1 Na5 13. Bc2 Nbc4 14. b3 Nxd2 15.
Qxd2 Bd7 16. Bb1 Rc8 17. Ne2 Nc6 18. Ng3 f6 19. exf6 Rxf6 20. Ne5 Be8 21. Qd3 g6
22. Rfe1 Nxe5 23. dxe5 Rf7 24. Qd4 Ba3 25. Rxc8 Qxc8 26. Qd2 Bc5 27. Re2 Bb6 28.
Bd3 Qc5 29. Qc2 Qd4 30. Nf1 Rc7 31. Qb1 Rc3 32. Re3 Bc5 33. Ng3 Qxe3 34. fxe3
Bxe3+ 35. Kf1 Rc1+ 36. Qxc1 Bxc1 0-1

[Event "25th Czech Open A 2014"]
[Site "Pardubice CZE"]
[Date "2014.07.18"]
[Round "1.40"]
[White "Yilmazyerli, Mert"]
[Black "Raghavi, N."]
[Result "1-0"]
[WhiteTitle "FM"]
[BlackTitle "WIM"]
[WhiteElo "2452"]
[BlackElo "2227"]
[WhiteFideId "6305962"]
[BlackFideId "5017173"]
[EventDate "2014.07.18"]

1. e4 c5 2. b3 Nc6 3. Bb2 d5 4. exd5 Qxd5 5. Nc3 Qe6+ 6. Be2 Nd4 7. d3 Nf6 8.
Na4 b6 9. Bxd4 cxd4 10. Nf3 Qd6 11. O-O g6 12. Nb2 Bg7 13. Nc4 Qc5 14. b4 Qxb4
15. Nxd4 Bd7 16. Bf3 Rc8 17. Re1 O-O 18. Rb1 Qa4 19. Qd2 e6 20. Rb3 Be8 21. Nd6
Rc5 22. c4 Qd7 23. N4b5 a6 24. Nxe8 axb5 25. Nxg7 Kxg7 26. Qb4 bxc4 27. dxc4
Rfc8 28. Be2 R8c6 29. Rf3 Ne4 30. Qb2+ Kg8 31. Rd3 Rd6 32. Rxd6 Qxd6 33. Rd1 Qc7
34. Qd4 Qe5 35. Bf1 Nc3 36. Qd8+ Kg7 37. Rd2 Ra5 38. Qxb6 Rxa2 39. Rxa2 Nxa2 40.
c5 Nc3 41. c6 Nd5 42. Qc5 Kf6 43. g3 Nc7 44. Qc1 g5 45. h4 h6 46. Bg2 Ke7 47.
hxg5 hxg5 48. Qd2 Kf6 49. Bf3 Kg6 50. Qd8 f5 51. g4 Qf4 52. gxf5+ exf5 53. Bd1
Qe5 54. Qg8+ Qg7 55. Qd8 Qe5 56. Bc2 Qe1+ 57. Kg2 Qe5 58. Qg8+ Kh6 59. Qf7 Nd5
60. Qxf5 Qxf5 61. Bxf5 Kg7 62. Kf3 Kf6 63. Ke4 Nc7 64. Bc8 Nb5 65. Ba6 Nc7 66.
Bc4 Ne8 67. Bb3 Nc7 68. Bd1 Ke6 69. Bg4+ Kf6 70. Kd4 Ne8 71. Kd5 Ke7 72. Ke5 Kd8
73. Bd7 1-0

[Event "25th Czech Open A 2014"]
[Site "Pardubice CZE"]
[Date "2014.07.18"]
[Round "1.41"]
[White "Barthel, Ansgar"]
[Black "Sergeev, Vladimir"]
[Result "1/2-1/2"]
[BlackTitle "GM"]
[WhiteElo "2226"]
[BlackElo "2447"]
[WhiteFideId "4643461"]
[BlackFideId "14101076"]
[EventDate "2014.07.18"]

1. e4 c5 2. Nf3 a6 3. b3 Nf6 4. e5 Nd5 5. Bb2 e6 6. c4 Nb4 7. a3 N4c6 8. Be2 Be7
9. O-O O-O 10. d4 cxd4 11. Nxd4 Nxe5 12. Nxe6 dxe6 13. Bxe5 Nc6 14. Bb2 Qc7 15.
Qc2 Bd6 16. h3 Bh2+ 17. Kh1 Be5 18. Rd1 b6 19. Bf3 Rb8 20. Ra2 Bxb2 21. Rxb2 Ne5
22. Be2 Bb7 23. Qc3 Rbc8 24. Qe3 f5 25. f4 Ng6 26. Qxe6+ Kh8 27. Bf1 Nxf4 28.
Qd6 Nxh3 29. Qxc7 Rxc7 30. Rd6 Rc6 31. Rxc6 Bxc6 32. Rd2 Ng5 33. Rd6 Rc8 34. Nc3
g6 35. Kg1 Kg7 36. Be2 Kf8 37. Rd4 Ke7 38. Kf2 h5 39. g3 Rf8 40. Ke3 Rf6 41.
Nd5+ Bxd5 42. cxd5 a5 43. Rc4 Ne4 44. Kf4 Kd6 45. Rc6+ Kxd5 46. Rxf6 Nxf6 47.
Bc4+ Kd4 48. Bf7 g5+ 49. Kxg5 Ne4+ 50. Kf4 Kc3 51. a4 Kb4 52. Bg8 b5 53. axb5
Kxb5 54. Bf7 Kb4 55. Bxh5 Kxb3 56. Bd1+ Kb2 57. g4 fxg4 58. Kxe4 g3 59. Kf3 Kc1
60. Ba4 1/2-1/2

[Event "25th Czech Open A 2014"]
[Site "Pardubice CZE"]
[Date "2014.07.18"]
[Round "1.42"]
[White "Yuffa, Daniil"]
[Black "Furman, Boris"]
[Result "1-0"]
[WhiteTitle "IM"]
[BlackTitle "FM"]
[WhiteElo "2447"]
[BlackElo "2225"]
[WhiteFideId "24131423"]
[BlackFideId "4107187"]
[EventDate "2014.07.18"]

1. d4 Nf6 2. c4 e6 3. g3 d5 4. Nf3 Bb4+ 5. Bd2 a5 6. Bg2 O-O 7. O-O dxc4 8. Bg5
Be7 9. Qa4 Bd7 10. Qxc4 Bc6 11. Nc3 Nbd7 12. Rfd1 Nb6 13. Qd3 Nbd5 14. Ne5 Nxc3
15. Nxc6 Nxe2+ 16. Qxe2 bxc6 17. Bxc6 Rb8 18. Rac1 Nd5 19. Bxe7 Nxe7 20. Be4 Rb4
21. Rc5 a4 22. Qc2 f5 23. Bf3 Qd6 24. Rxc7 Rxb2 25. Qxb2 Qxc7 26. Qb5 f4 27. Bg4
Qd6 28. Qxa4 Nf5 29. Qc4 Rf6 30. Qc5 fxg3 31. hxg3 Qb8 32. Qe5 Qb2 33. Bxf5 exf5
34. Qd5+ Kf8 35. Qd8+ Kf7 36. Re1 Kg6 37. Qe8+ Kh6 38. Qe3+ Kg6 39. Re2 Qb1+ 40.
Kh2 f4 41. gxf4 Qf5 42. Kg2 Qxf4 43. Qxf4 Rxf4 44. Rd2 Kf7 45. a4 Ke6 46. Kg3 g5
47. a5 h5 48. a6 Kd5 49. Ra2 Rf8 50. a7 Ra8 51. Ra4 Ke4 52. f3+ Kf5 53. Ra5+ Kf6
54. Kh3 Kg6 55. Ra6+ Kg7 56. Kg3 Kh7 57. Kf2 Kg7 58. Ke3 Kh7 59. Ke4 h4 60. Ke3 1-0

[Event "25th Czech Open A 2014"]
[Site "Pardubice CZE"]
[Date "2014.07.18"]
[Round "1.43"]
[White "Linusson, Pelle"]
[Black "Rasik, Vitezslav"]
[Result "0-1"]
[BlackTitle "IM"]
[WhiteElo "2221"]
[BlackElo "2445"]
[WhiteFideId "1709062"]
[BlackFideId "300306"]
[EventDate "2014.07.18"]

1. c4 g6 2. g3 Bg7 3. Bg2 Nf6 4. Nc3 O-O 5. e4 d6 6. Nge2 e5 7. d3 Nc6 8. O-O
Be6 9. Nd5 Ne8 10. h3 Qd7 11. Kh2 f5 12. exf5 gxf5 13. f4 Nf6 14. Be3 Qf7 15.
Qb3 Rab8 16. Rae1 Kh8 17. a4 a6 18. Nxf6 Bxf6 19. Qd1 Rg8 20. b3 Qg7 21. Rg1
Rbd8 22. Bf3 Nb4 23. Bf2 c5 24. d4 e4 25. Bh1 Nd3 0-1

[Event "25th Czech Open A 2014"]
[Site "Pardubice CZE"]
[Date "2014.07.18"]
[Round "1.44"]
[White "Vokac, Marek"]
[Black "Balint, Vilmos"]
[Result "1-0"]
[WhiteTitle "GM"]
[WhiteElo "2443"]
[BlackElo "2220"]
[WhiteFideId "300101"]
[BlackFideId "718050"]
[EventDate "2014.07.18"]

1. c4 e5 2. Nf3 e4 3. Nd4 d5 4. cxd5 Qxd5 5. e3 Nf6 6. Nc3 Qe5 7. f4 exf3 8.
Nxf3 Qa5 9. Bc4 Be7 10. O-O O-O 11. d4 Bg4 12. h3 Bh5 13. Qb3 Nbd7 14. Bd2 Qb6
15. Ne5 Rad8 16. Rf2 Nxe5 17. dxe5 Rxd2 18. Qxb6 axb6 19. Rxd2 Ne8 20. Nd5 Bg5
21. Nf4 Bg6 22. Kf2 Bf5 23. g4 Bh4+ 24. Kf3 Bc8 25. Rg1 Kh8 26. g5 f6 27. gxf6
gxf6 28. Rd8 fxe5 29. Rxc8 exf4 30. Bf7 1-0

[Event "25th Czech Open A 2014"]
[Site "Pardubice CZE"]
[Date "2014.07.18"]
[Round "1.45"]
[White "Schneider, Christian1"]
[Black "Chandra, Akshat"]
[Result "0-1"]
[BlackTitle "IM"]
[WhiteElo "2220"]
[BlackElo "2442"]
[WhiteFideId "24613886"]
[BlackFideId "25006711"]
[EventDate "2014.07.18"]

1. e4 c5 2. Nc3 Nc6 3. Bb5 Nd4 4. Bc4 e6 5. Nge2 Nf6 6. O-O a6 7. a4 d6 8. d3
Nc6 9. Bg5 Be7 10. Ba2 h6 11. Bf4 O-O 12. h3 b6 13. Qd2 d5 14. exd5 exd5 15. Bh2
d4 16. Ne4 Nxe4 17. dxe4 Be6 18. Bxe6 fxe6 19. Qd3 Bd6 20. f4 Kh8 21. e5 Bc7 22.
c3 dxc3 23. Qxc3 Qe7 24. Rad1 Nb4 25. Qb3 b5 26. Kh1 c4 27. Qa3 Rfe8 28. Nc3 Bb6
29. Bg3 Bc5 30. Ne4 Nd3 31. Nxc5 Nxc5 32. Bh4 Qf8 33. axb5 axb5 34. Qb4 Rab8 35.
Ra1 Nd3 36. Qd2 Qf7 37. Rf3 Qh5 38. Bg3 Red8 39. Qc3 Qf5 40. b3 Rbc8 41. bxc4
Rxc4 42. Qb3 Rd5 43. Ra8+ Kh7 44. Rb8 Rc1+ 45. Kh2 Nc5 46. Qe3 Rdd1 47. Bf2 Rh1+
48. Kg3 Ne4+ 49. Kh4 Rc3 0-1

[Event "25th Czech Open A 2014"]
[Site "Pardubice CZE"]
[Date "2014.07.18"]
[Round "1.46"]
[White "Gordievsky, Dmitry"]
[Black "Pulpan, Jakub"]
[Result "1-0"]
[WhiteTitle "FM"]
[WhiteElo "2439"]
[BlackElo "2218"]
[WhiteFideId "24112798"]
[BlackFideId "302759"]
[EventDate "2014.07.18"]

1. d4 Nf6 2. c4 e6 3. Nf3 b6 4. Nc3 Bb7 5. a3 d5 6. Bg5 Be7 7. Qa4+ c6 8. cxd5
Nxd5 9. Bxe7 Nxc3 10. bxc3 Qxe7 11. e4 Nd7 12. Ba6 Bxa6 13. Qxa6 O-O 14. O-O c5
15. e5 Rfd8 16. Rfd1 Nf8 17. h4 cxd4 18. cxd4 Rd5 19. Rdc1 Rad8 20. Rc3 Ng6 21.
g3 Ra5 22. Qe2 Qf8 23. Qc2 h6 24. a4 Ne7 25. Rc1 Nf5 26. Rc4 Qa3 27. Qe4 Rad5
28. R1c3 Qa1+ 29. Kg2 a6 30. Rc8 Qxa4 31. Qxd5 exd5 32. Rxd8+ Kh7 33. h5 Ne7 34.
Rc7 Nc6 35. Rf8 Nxd4 36. Rcc8 1-0

[Event "25th Czech Open A 2014"]
[Site "Pardubice CZE"]
[Date "2014.07.18"]
[Round "1.47"]
[White "Monin, Nikolay"]
[Black "Simantsev, Mikhail"]
[Result "0-1"]
[WhiteTitle "IM"]
[BlackTitle "GM"]
[WhiteElo "2217"]
[BlackElo "2434"]
[WhiteFideId "4104013"]
[BlackFideId "14104555"]
[EventDate "2014.07.18"]

1. Nf3 c5 2. c3 Nf6 3. d4 Qc7 4. g3 g6 5. Bg2 Bg7 6. O-O O-O 7. Na3 a6 8. Re1 d5
9. Bf4 Qb6 10. Qb3 Nbd7 11. Ne5 cxd4 12. Qxb6 Nxb6 13. cxd4 Bf5 14. f3 Na4 15.
g4 Be6 16. Nd3 Nd7 17. e3 Rfc8 18. Rac1 b5 19. b3 Nab6 20. Kf2 f6 21. Ke2 Bf7
22. Kd2 e5 23. Bg3 Bf8 24. Rxc8 Rxc8 25. Nc2 Bd6 26. g5 Kg7 27. gxf6+ Kxf6 28.
dxe5+ Nxe5 29. Nxe5 Bxe5 30. Bxe5+ Kxe5 31. f4+ Kd6 32. Nd4 b4 33. Bh3 Rc5 34.
Rc1 Rxc1 35. Kxc1 Na8 36. Kb2 Nc7 37. a3 a5 38. axb4 axb4 39. Kc2 Be8 40. Bf1
Bd7 41. Bd3 Ne8 42. Kd2 Nf6 43. Bc2 Ng4 44. h4 Nf6 45. Bd3 Bh3 46. Bc2 Bg2 47.
Bd3 Be4 48. Be2 Bf5 49. Bf3 Kc5 50. Bg2 Nh5 51. Bf3 Ng3 52. Ke1 Be4 53. Bd1 Nf5
54. Nxf5 Bxf5 55. h5 gxh5 56. Bxh5 Bc2 57. Bd1 Bxd1 58. Kxd1 d4 59. Ke2 dxe3 60.
Kxe3 Kd5 0-1